| 000 | 01226nam a2200313 i 4500 | ||
|---|---|---|---|
| 001 | 132951 | ||
| 003 | ES-MaACL | ||
| 005 | 20250728100643.0 | ||
| 007 | t| | ||
| 008 | 070214m19211924sp |||| | spa d | ||
| 080 | _a141.332 | ||
| 080 | _a82-342(082.2) | ||
| 245 | 0 | 0 |
_aPor el reino encantado de Maya : _bparábolas y símbolos / _ccoleccionados y comentados por Mario Roso de Luna. |
| 260 |
_aMadrid : _bPueyo, _c[1921-1924] ( _fImp. F. Giménez) ( _fImp. de Juan Pérez Torres) |
||
| 300 |
_a206 p. ; _c26 cm. |
||
| 490 | 1 |
_aBiblioteca de las maravillas ; _v8 |
|
| 490 | 1 |
_aObras completas de Roso de Luna ; _v19 |
|
| 490 | 1 | _aPublicaciones de "Ciencia natural" | |
| 530 | _aDisponible en formato digital. | ||
| 650 | 7 |
_aTeosofía _2embne _917478 |
|
| 650 | 4 |
_aParábolas (Género literario) _9172995 |
|
| 700 | 1 |
_aRoso de Luna, Mario, _d1872-1931 _999794 |
|
| 830 | 1 |
_aBiblioteca de las maravillas ; _v8 _9182500 |
|
| 830 | 1 |
_aObras completas de Mario Roso de Luna _v19 _9186911 |
|
| 830 | 1 |
_aPublicaciones de "Ciencia natural" _9219686 |
|
| 852 |
_aES-MaACL _jC-4325 |
||
| 856 |
_uhttp://bdh-rd.bne.es/viewer.vm?id=0000074663&page=1 _zBiblioteca Digital Hispánica |
||
| 999 |
_c132951 _d132951 |
||